[Event "81st Tata Steel Tienkamp 2019"]
[Site "Wijk aan Zee"]
[Date "2019.01.20"]
[Round "3"]
[White "Beukema, Stefan"]
[Black "Warmerdam, Max"]
[Result "0-1"]
[WhiteElo "2414"]
[BlackElo "2440"]
[Annotator "ChessBase"]
[PlyCount "98"]
[EventDate "2019.01.12"]
[EventType "tourn"]
[EventCountry "NED"]
[SourceTitle "playchess.com"]
[Source "ChessBase"]
[SourceQuality "1"]
[TimeControl "40/6000+30:20/3000+30:900+30"]

1. f4 {[%emt 0:00:00]} d5 {[%emt 0:00:00]} 2. Nf3 {[%emt 0:00:00]} Nf6 {[%emt 0:00:00]} 3. g3 {[%emt 0:00:32]} g6 {[%emt 0:00:06]} 4. Bg2 {[%emt 0:00:06]} Bg7 {[%emt 0:00:04]} 5. O-O {[%emt 0:00:06]} O-O {[%emt 0:00:12]} 6. d3 {[%emt 0:00:05]} c5 {[%emt 0:00:04]} 7. Qe1 {[%emt 0:02:39]} Nc6 {[%emt 0:00:18]} 8. c3 {[%emt 0:01:04]} d4 {[%emt 0:00:19]} 9. Na3 {[%emt 0:02:50]} Rb8 {[%emt 0:00:20]} 10. Bd2 {[%emt 0:05:15]} b6 {[%emt 0:01:26]} 11. c4 {[%emt 0:02:43]} a6 {[%emt 0:08:18]} 12. Rc1 {[%emt 0:15:01]} Qd6 {[%emt 0:00:58]} 13. h3 {[%emt 0:02:47]} Nh5 {[%emt 0:01:01]} 14. Ng5 {[%emt 0:07:47]} f5 {[%emt 0:02:05]} 15. Nc2 {[%emt 0:10:29]} h6 {[%emt 0:11:56]} 16. Nf3 {[%emt 0:00:09]} e5 {[%emt 0:00:34]} 17. fxe5 {[%emt 0:03:52]} Nxe5 {[%emt 0:03:20]} 18. Nxe5 {[%emt 0:07:09]} Bxe5 {[%emt 0:08:23]} 19. Bxh6 {[%emt 0:00:06]} Bxg3 {[%emt 0:00:24]} 20. Bxf8 {[%emt 0:01:58]} Kxf8 {[%emt 0:01:02]} 21. Qd1 {[%emt 0:03:05]} Bh2+ {[%emt 0:04:27]} 22. Kh1 {[%emt 0:00:07]} Ng3+ {[%emt 0:00:03]} 23. Kxh2 {[%emt 0:00:04]} Nxf1+ {[%emt 0:00:09]} 24. Kg1 {[%emt 0:00:10]} Ng3 {[%emt 0:00:56]} 25. e3 {[%emt 0:04:02]} dxe3 {[%emt 0:19:54]} 26. Nxe3 {[%emt 0:00:06]} Qf4 {[%emt 0:03:06]} 27. Qf3 {[%emt 0:02:18]} Bb7 {[%emt 0:00:08]} 28. Qf2 {[%emt 0:00:46]} Bxg2 {[%emt 0:07:16]} 29. Kxg2 {[%emt 0:00:19]} Nh5 {[%emt 0:00:20]} 30. Rf1 {[%emt 0:01:19]} Qxf2+ {[%emt 0:10:49]} 31. Rxf2 {[%emt 0:00:42]} Kf7 {[%emt 0:00:30]} 32. Nd5 {[%emt 0:05:10]} Nf6 {[%emt 0:00:52]} 33. Re2 {[%emt 0:00:37]} Nxd5 {[%emt 0:01:34]} 34. cxd5 {[%emt 0:00:05]} Re8 {[%emt 0:01:23]} 35. Rc2 {[%emt 0:13:16]} Re5 {[%emt 0:04:50]} 36. d4 {[%emt 0:00:44]} cxd4 {[%emt 0:01:25]} 37. Kf2 {[%emt 0:01:14]} d3 {[%emt 0:00:35]} 38. Rc3 {[%emt 0:00:31]} Rxd5 {[%emt 0:00:08]} 39. Ke1 {[%emt 0:00:36]} d2+ {[%emt 0:01:36]} 40. Kd1 {[%emt 0:00:02]} Rd6 {[%emt 0:00:05]} 41. b4 {[%emt 0:51:08]} b5 {[%emt 0:50:44]} 42. h4 {[%emt 0:01:46]} Kg7 {[%emt 0:00:16]} 43. Rc7+ {[%emt 0:01:57]} Kh6 {[%emt 0:00:11]} 44. Rf7 {[%emt 0:00:06]} Kh5 {[%emt 0:00:05]} 45. Rh7+ {[%emt 0:00:04]} Kg4 {[%emt 0:00:09]} 46. Rh6 {[%emt 0:00:04]} f4 {[%emt 0:00:49]} 47. h5 {[%emt 0:00:10]} f3 {[%emt 0:00:48]} 48. hxg6 {[%emt 0:00:12]} f2 {[%emt 0:00:09]} 49. Rh1 {[%emt 0:00:07]} Rxg6 {[%emt 0:00:07]} 0-1

[Event "81st Tata Steel Tienkamp 2019"]
[Site "Wijk aan Zee"]
[Date "2019.01.20"]
[Round "3"]
[White "Kosakowski, Jakub"]
[Black "Brink, Barry"]
[Result "1/2-1/2"]
[WhiteElo "2404"]
[BlackElo "2385"]
[Annotator "ChessBase"]
[PlyCount "43"]
[EventDate "2019.01.12"]
[EventType "tourn"]
[EventCountry "NED"]
[SourceTitle "playchess.com"]
[Source "ChessBase"]
[SourceQuality "1"]
[TimeControl "40/6000+30:20/3000+30:900+30"]

1. e4 {[%emt 0:00:00]} c5 {[%emt 0:00:00]} 2. Nf3 {[%emt 0:00:00]} e6 {[%emt 0:00:00]} 3. d4 {[%emt 0:00:00]} cxd4 {[%emt 0:00:00]} 4. Nxd4 {[%emt 0:00:00]} Nc6 {[%emt 0:00:00]} 5. Nc3 {[%emt 0:00:09]} Qc7 {[%emt 0:00:07]} 6. f4 {[%emt 0:00:08]} a6 {[%emt 0:01:20]} 7. Nxc6 {[%emt 0:00:10]} bxc6 {[%emt 0:01:12]} 8. e5 {[%emt 0:00:45]} d5 {[%emt 0:01:39]} 9. exd6 {[%emt 0:03:45]} Bxd6 {[%emt 0:00:44]} 10. Qf3 {[%emt 0:07:08]} Nf6 {[%emt 0:05:32]} 11. Bd3 {[%emt 0:02:56]} O-O {[%emt 0:11:36]} 12. O-O {[%emt 0:00:35]} Bb7 {[%emt 0:03:04]} 13. Bd2 {[%emt 0:03:05]} c5 {[%emt 0:02:33]} 14. Ne4 {[%emt 0:02:10]} Be7 {[%emt 0:16:10]} 15. Bc3 {[%emt 0:29:33]} c4 {[%emt 0:31:00]} 16. Nxf6+ {[%emt 0:04:55]} Bxf6 {[%emt 0:00:13]} 17. Bxh7+ {[%emt 0:00:37]} Kxh7 {[%emt 0:00:07]} 18. Qh5+ {[%emt 0:00:09]} Kg8 {[%emt 0:00:09]} 19. Bxf6 {[%emt 0:00:07]} gxf6 {[%emt 0:02:29]} 20. Qg4+ {[%emt 0:00:14]} Kh7 {[%emt 0:00:22]} 21. Qh5+ {[%emt 0:00:50]} Kg7 {[%emt 0:00:14]} 22. Qg4+ {[%emt 0:00:09]} 1/2-1/2

[Event "81st Tata Steel Tienkamp 2019"]
[Site "Wijk aan Zee"]
[Date "2019.01.20"]
[Round "3"]
[White "Mamedjarova, Zeinab"]
[Black "Rapport, Jovana"]
[Result "1/2-1/2"]
[WhiteElo "2311"]
[BlackElo "2375"]
[Annotator "ChessBase"]
[PlyCount "72"]
[EventDate "2019.01.12"]
[EventType "tourn"]
[EventCountry "NED"]
[SourceTitle "playchess.com"]
[Source "ChessBase"]
[SourceQuality "1"]
[TimeControl "40/6000+30:20/3000+30:900+30"]

1. d4 {[%emt 0:00:00]} Nf6 {[%emt 0:00:00]} 2. Nf3 {[%emt 0:00:00]} g6 {[%emt 0:00:08]} 3. g3 {[%emt 0:00:00]} b6 {[%emt 0:00:15]} 4. Bg2 {[%emt 0:00:00]} Bb7 {[%emt 0:00:05]} 5. O-O {[%emt 0:00:04]} Bg7 {[%emt 0:00:14]} 6. c4 {[%emt 0:00:24]} O-O {[%emt 0:00:44]} 7. Nc3 {[%emt 0:03:03]} Ne4 {[%emt 0:00:50]} 8. Qc2 {[%emt 0:00:56]} Nxc3 {[%emt 0:00:14]} 9. bxc3 {[%emt 0:03:46]} Nc6 {[%emt 0:03:55]} 10. Rd1 {[%emt 0:13:35]} Na5 {[%emt 0:02:43]} 11. c5 {[%emt 0:07:04]} d5 {[%emt 0:05:21]} 12. cxb6 {[%emt 0:11:51]} cxb6 {[%emt 0:03:21]} 13. Bf4 {[%emt 0:00:18]} Qc8 {[%emt 0:05:19]} 14. Rac1 {[%emt 0:02:24]} Rd8 {[%emt 0:05:57]} 15. h4 {[%emt 0:03:01]} Qf5 {[%emt 0:02:15]} 16. Qxf5 {[%emt 0:06:01]} gxf5 {[%emt 0:01:42]} 17. h5 {[%emt 0:00:20]} Rac8 {[%emt 0:02:25]} 18. h6 {[%emt 0:09:34]} Bh8 {[%emt 0:08:36]} 19. Bh3 {[%emt 0:01:16]} e6 {[%emt 0:00:05]} 20. Kh2 Ba6 21. Rc2 {[%emt 0:11:53]} f6 {[%emt 0:05:14]} 22. g4 {[%emt 0:10:55]} fxg4 {[%emt 0:00:33]} 23. Bxg4 {[%emt 0:00:04]} Kf7 {[%emt 0:00:05]} 24. Re1 {[%emt 0:00:27]} Rg8 {[%emt 0:03:51]} 25. Bh3 {[%emt 0:00:38]} Bb7 {[%emt 0:06:12]} 26. Nd2 {[%emt 0:02:15]} Nc6 {[%emt 0:05:57]} 27. Rcc1 {[%emt 0:01:03]} Ne7 {[%emt 0:06:44]} 28. e4 {[%emt 0:01:06]} dxe4 {[%emt 0:18:24]} 29. Nxe4 {[%emt 0:00:15]} Bxe4 {[%emt 0:00:03]} 30. Rxe4 {[%emt 0:00:02]} f5 {[%emt 0:00:04]} 31. Re2 {[%emt 0:03:29]} Bf6 {[%emt 0:01:02]} 32. Rce1 {[%emt 0:02:32]} Nd5 {[%emt 0:02:52]} 33. Bd2 {[%emt 0:10:00]} Nc7 {[%emt 0:00:54]} 34. Bf4 {[%emt 0:06:18]} Nd5 {[%emt 0:02:57]} 35. Bd2 {[%emt 0:00:02]} Nc7 {[%emt 0:07:21]} 36. Bf4 {[%emt 0:00:07]} Nd5 {[%emt 0:05:46]} 1/2-1/2

[Event "81st Tata Steel Tienkamp 2019"]
[Site "Wijk aan Zee"]
[Date "2019.01.21"]
[Round "4"]
[White "Kevlishvili, Robby"]
[Black "Vrolijk, Liam"]
[Result "1/2-1/2"]
[WhiteElo "2453"]
[BlackElo "2433"]
[Annotator "RC"]
[PlyCount "104"]
[EventDate "2019.01.12"]
[EventType "tourn"]
[EventCountry "NED"]
[SourceTitle "playchess.com"]
[Source "ChessBase"]
[SourceQuality "1"]
[TimeControl "40/6000+30:20/3000+30:900+30"]

1. e4 {[%emt 0:02:39]} e5 {[%emt 0:00:00]} 2. Nf3 {[%emt 0:00:05]} Nc6 {[%emt 0:00:00]} 3. Bb5 {[%emt 0:00:05]} Nf6 {[%emt 0:00:00]} 4. O-O {[%emt 0:01:22]} Nxe4 {[%emt 0:03:06]} 5. Re1 {[%emt 0:00:09]} Nd6 {[%emt 0:00:08]} 6. Nxe5 {[%emt 0:00:11]} Be7 {[%emt 0:00:08]} 7. Bf1 {[%emt 0:00:09]} Nxe5 {[%emt 0:00:10]} 8. Rxe5 {[%emt 0:00:07]} O-O {[%emt 0:00:07]} 9. Nc3 {[%emt 0:02:30]} Ne8 {[%emt 0:00:39]} 10. Nd5 {[%emt 0:00:07]} Bd6 {[%emt 0:00:06]} 11. Re1 {[%emt 0:00:05]} c6 {[%emt 0:00:06]} 12. Ne3 {[%emt 0:00:04]} Bc7 {[%emt 0:01:15]} 13. Nf5 {[%emt 0:00:56]} d5 {[%emt 0:00:09]} 14. Ne7+ {[%emt 0:00:06]} Kh8 {[%emt 0:00:06]} 15. Nxc8 {[%emt 0:00:07]} Rxc8 {[%emt 0:00:06]} 16. Qf3 {[%emt 0:01:07]} Nf6 {[%emt 0:05:02]} 17. d3 {[%emt 0:01:29]} Qd7 {[%emt 0:13:49]} 18. g3 {[%emt 0:03:02]} Rce8 {[%emt 0:02:05]} 19. Bg5 {[%emt 0:01:40]} Bd8 {[%emt 0:06:01]} 20. Bd2 {[%emt 0:03:31]} Kg8 {[%emt 0:02:18]} 21. Bb4 {[%emt 0:02:14]} Rxe1 {[%emt 0:02:39]} 22. Rxe1 {[%emt 0:00:16]} Re8 {[%emt 0:00:06]} 23. Rxe8+ {[%emt 0:02:09]} Nxe8 {[%emt 0:01:37]} 24. Qe3 {[%emt 0:00:43]} d4 {[%emt 0:06:35]} 25. Qe5 {[%emt 0:03:30]} Bc7 {[%emt 0:15:34]} 26. Qc5 {[%emt 0:00:58]} Qd6 {[%emt 0:01:40]} 27. Bh3 {[%emt 0:04:49]} a5 {[%emt 0:03:46]} 28. Qxd6 {[%emt 0:01:20]} Nxd6 {[%emt 0:00:07]} 29. Bc5 {[%emt 0:00:13]} Nb5 {[%emt 0:00:19]} 30. a4 {[%emt 0:01:08]} Bd6 {[%emt 0:00:58]} 31. Bb6 {[%emt 0:08:44]} Bc7 {[%emt 0:00:07]} 32. axb5 {[%emt 0:18:48]} Bxb6 {[%emt 0:00:08]} 33. bxc6 {[%emt 0:00:05]} bxc6 {[%emt 0:00:06]} 34. Bd7 {[%emt 0:00:06]} c5 {[%emt 0:04:37]} 35. Kg2 {[%emt 0:01:44]} Kf8 {[%emt 0:02:43]} 36. Kf3 {[%emt 0:00:06]} Ke7 {[%emt 0:00:08]} 37. Bc8 {[%emt 0:00:07]} a4 {[%emt 0:03:15]} 38. Ba6 {[%emt 0:09:26]} Ba5 {[%emt 0:00:33]} 39. Bb5 {[%emt 0:00:08]} Bd2 {[%emt 0:00:07]} 40. Bxa4 {[%emt 0:00:45]} Bc1 {[%emt 0:00:07]} 41. b4 {[%emt 0:50:49]} cxb4 {[%emt 0:50:08]} 42. Ke4 {[%emt 0:00:06]} Bb2 {[%emt 0:00:06]} 43. Ke5 {[%emt 0:00:48]} Bc3 {[%emt 0:00:34]} 44. f4 {[%emt 0:01:14]} Bb2 {[%emt 0:00:42]} 45. f5 {[%emt 0:03:34]} h6 {[%emt 0:02:04]} 46. h4 {[%emt 0:01:22]} Bc3 {[%emt 0:00:16]} 47. Bc6 {[%emt 0:01:13]} Bb2 {[%emt 0:00:46]} 48. g4 {[%emt 0:01:52]} Bc3 {[%emt 0:00:06]} 49. g5 {[%emt 0:00:49]} hxg5 {[%emt 0:00:07]} 50. hxg5 {[%emt 0:00:05]} f6+ {[%emt 0:00:13]} 51. gxf6+ {[%emt 0:00:04]} gxf6+ {[%emt 0:00:07]} 52. Kd5 {[%emt 0:00:05]} Bb2 {[%emt 0:00:06]} 1/2-1/2

[Event "81st Tata Steel Tienkamp 2019"]
[Site "Wijk aan Zee"]
[Date "2019.01.21"]
[Round "4"]
[White "Warmerdam, Max"]
[Black "Mamedjarova, Zeinab"]
[Result "1-0"]
[WhiteElo "2440"]
[BlackElo "2311"]
[Annotator "ChessBase"]
[PlyCount "80"]
[EventDate "2019.01.12"]
[EventType "tourn"]
[EventCountry "NED"]
[SourceTitle "playchess.com"]
[Source "ChessBase"]
[SourceQuality "1"]
[TimeControl "40/6000+30:20/3000+30:900+30"]

1. d4 {[%emt 0:00:00]} f5 {[%emt 0:00:00]} 2. g3 {[%emt 0:00:00]} g6 {[%emt 0:00:37]} 3. Bg2 {[%emt 0:00:47]} Bg7 {[%emt 0:00:07]} 4. Nc3 {[%emt 0:00:39]} Nf6 {[%emt 0:00:18]} 5. e4 {[%emt 0:00:09]} fxe4 {[%emt 0:01:21]} 6. Nxe4 {[%emt 0:00:13]} O-O {[%emt 0:00:02]} 7. Nxf6+ {[%emt 0:01:29]} exf6 {[%emt 0:00:51]} 8. c4 {[%emt 0:00:33]} Qe7+ {[%emt 0:05:47]} 9. Ne2 {[%emt 0:12:00]} Re8 {[%emt 0:07:18]} 10. Be3 {[%emt 0:21:43]} d6 {[%emt 0:06:51]} 11. O-O {[%emt 0:00:43]} c6 {[%emt 0:00:22]} 12. Re1 {[%emt 0:09:54]} Qf7 {[%emt 0:10:16]} 13. b3 {[%emt 0:03:27]} f5 {[%emt 0:02:57]} 14. Bf4 {[%emt 0:01:36]} Bf8 {[%emt 0:06:16]} 15. Nc3 {[%emt 0:08:12]} Rxe1+ {[%emt 0:07:43]} 16. Qxe1 {[%emt 0:00:02]} Qf6 {[%emt 0:05:39]} 17. c5 {[%emt 0:16:46]} Bd7 {[%emt 0:28:19]} 18. Nd5 {[%emt 0:19:37]} cxd5 {[%emt 0:00:08]} 19. Bxd5+ {[%emt 0:00:05]} Kg7 {[%emt 0:02:09]} 20. cxd6 {[%emt 0:01:56]} Bxd6 {[%emt 0:01:19]} 21. Bxd6 {[%emt 0:00:05]} Qxd6 {[%emt 0:01:45]} 22. Bxb7 {[%emt 0:00:06]} Bc6 {[%emt 0:02:11]} 23. Bxa8 {[%emt 0:00:06]} Bxa8 {[%emt 0:00:05]} 24. Qe5+ {[%emt 0:00:05]} Qxe5 {[%emt 0:00:04]} 25. dxe5 {[%emt 0:00:04]} Kf7 {[%emt 0:02:08]} 26. f4 {[%emt 0:00:48]} Ke6 {[%emt 0:00:54]} 27. Rc1 {[%emt 0:00:31]} Bc6 {[%emt 0:02:56]} 28. Kf2 {[%emt 0:00:14]} g5 {[%emt 0:03:58]} 29. Ke3 {[%emt 0:03:16]} gxf4+ {[%emt 0:00:15]} 30. gxf4 {[%emt 0:00:27]} Be4 {[%emt 0:03:56]} 31. b4 {[%emt 0:06:39]} Nc6 {[%emt 0:01:20]} 32. b5 {[%emt 0:00:53]} Nb4 {[%emt 0:00:53]} 33. Kd4 {[%emt 0:01:29]} Nd3 {[%emt 0:01:56]} 34. Rc7 {[%emt 0:01:23]} Nxf4 {[%emt 0:00:04]} 35. Rxa7 {[%emt 0:00:08]} Ne2+ {[%emt 0:00:05]} 36. Ke3 {[%emt 0:00:27]} Nc3 {[%emt 0:00:05]} 37. b6 {[%emt 0:00:26]} Kxe5 {[%emt 0:00:27]} 38. Re7+ {[%emt 0:01:16]} Kd6 {[%emt 0:03:26]} 39. b7 {[%emt 0:00:10]} Bxb7 {[%emt 0:01:10]} 40. Rxb7 {[%emt 0:00:02]} Nxa2 {[%emt 0:00:30] Ke4 Kd5+} 1-0

[Event "81st Tata Steel Tienkamp 2019"]
[Site "Wijk aan Zee"]
[Date "2019.01.21"]
[Round "4"]
[White "Kosakowski, Jakub"]
[Black "Beukema, Stefan"]
[Result "1/2-1/2"]
[WhiteElo "2404"]
[BlackElo "2414"]
[Annotator "ChessBase"]
[PlyCount "93"]
[EventDate "2019.01.12"]
[EventType "tourn"]
[EventCountry "NED"]
[SourceTitle "playchess.com"]
[Source "ChessBase"]
[SourceQuality "1"]
[TimeControl "40/6000+30:20/3000+30:900+30"]

1. e4 {[%emt 0:00:00]} e5 {[%emt 0:00:00]} 2. Nf3 {[%emt 0:00:00]} Nc6 {[%emt 0:00:00]} 3. Bc4 {[%emt 0:00:07]} Bc5 {[%emt 0:00:02]} 4. c3 {[%emt 0:00:16]} Nf6 {[%emt 0:00:06]} 5. d3 {[%emt 0:00:11]} a6 {[%emt 0:00:24]} 6. a4 {[%emt 0:00:21]} d6 {[%emt 0:05:03]} 7. O-O {[%emt 0:00:41]} Ba7 {[%emt 0:00:30]} 8. h3 {[%emt 0:00:32]} O-O {[%emt 0:01:35]} 9. Re1 {[%emt 0:00:24]} Be6 {[%emt 0:04:04]} 10. Nbd2 {[%emt 0:02:27]} h6 {[%emt 0:02:11]} 11. b4 {[%emt 0:03:50]} Ne7 {[%emt 0:05:35]} 12. Nf1 {[%emt 0:08:20]} Ng6 {[%emt 0:05:29]} 13. Ng3 {[%emt 0:03:35]} Qd7 {[%emt 0:01:25]} 14. Bxe6 {[%emt 0:01:58]} fxe6 {[%emt 0:03:51]} 15. d4 {[%emt 0:00:32]} exd4 {[%emt 0:00:17]} 16. cxd4 {[%emt 0:00:15]} Qf7 {[%emt 0:00:27]} 17. Qc2 {[%emt 0:02:56]} Kh8 {[%emt 0:04:08]} 18. Ra3 {[%emt 0:02:26]} d5 {[%emt 0:02:05]} 19. e5 {[%emt 0:07:14]} Nd7 {[%emt 0:08:26]} 20. Be3 {[%emt 0:03:24]} Nb6 {[%emt 0:01:26]} 21. Nd2 {[%emt 0:00:44]} Nh4 {[%emt 0:02:51]} 22. Rc3 {[%emt 0:07:39]} c6 {[%emt 0:06:46]} 23. b5 {[%emt 0:01:59]} Nd7 {[%emt 0:02:34]} 24. bxc6 {[%emt 0:02:07]} bxc6 {[%emt 0:00:09]} 25. Rxc6 {[%emt 0:02:58]} Nxe5 {[%emt 0:00:25]} 26. Rc7 {[%emt 0:01:29]} Nd7 {[%emt 0:00:05]} 27. Qc6 {[%emt 0:07:17]} Rfd8 {[%emt 0:02:11]} 28. Rb1 {[%emt 0:19:18]} Bb8 {[%emt 0:00:26]} 29. Rc8 {[%emt 0:14:25]} Rxc8 {[%emt 0:01:34]} 30. Qxc8+ {[%emt 0:00:06]} Kh7 {[%emt 0:00:06]} 31. Qc6 {[%emt 0:01:32]} Ra7 {[%emt 0:05:59]} 32. Rb7 {[%emt 0:03:24]} Rxb7 {[%emt 0:04:24]} 33. Qxb7 {[%emt 0:00:03]} a5 {[%emt 0:00:59]} 34. Ndf1 {[%emt 0:00:07]} Qe8 {[%emt 0:06:58]} 35. Bd2 {[%emt 0:00:59]} Nf6 {[%emt 0:00:12]} 36. Bxa5 {[%emt 0:00:25]} Qxa4 {[%emt 0:00:49]} 37. Bd8 {[%emt 0:00:27]} Bxg3 {[%emt 0:02:02]} 38. Qb1+ {[%emt 0:04:37]} Ng6 {[%emt 0:05:56]} 39. Nxg3 {[%emt 0:05:09]} Qxd4 {[%emt 0:00:23]} 40. Qc2 {[%emt 0:02:39]} Ne4 {[%emt 0:05:59]} 41. Nxe4 {[%emt 0:51:09]} dxe4 {[%emt 0:50:05]} 42. Bc7 {[%emt 0:00:15]} e3 {[%emt 0:00:29]} 43. fxe3 {[%emt 0:00:08]} Qxe3+ {[%emt 0:00:05]} 44. Kh2 {[%emt 0:00:07]} e5 {[%emt 0:01:06]} 45. Qf5 {[%emt 0:00:17]} Qe2 {[%emt 0:09:48]} 46. Bb6 {[%emt 0:00:50]} e4 {[%emt 0:01:45]} 47. Bd4 {[%emt 0:00:45]} 1/2-1/2

[Event "81st Tata Steel Tienkamp 2019"]
[Site "Wijk aan Zee"]
[Date "2019.01.21"]
[Round "4"]
[White "Brink, Barry"]
[Black "Martens, Martin"]
[Result "1-0"]
[WhiteElo "2385"]
[BlackElo "2382"]
[Annotator "ChessBase"]
[PlyCount "121"]
[EventDate "2019.01.12"]
[EventType "tourn"]
[EventCountry "NED"]
[SourceTitle "playchess.com"]
[Source "ChessBase"]
[SourceQuality "1"]
[TimeControl "40/6000+30:20/3000+30:900+30"]

1. d4 {[%emt 0:00:00]} g6 {[%emt 0:00:00]} 2. c4 {[%emt 0:00:16]} Bg7 {[%emt 0:00:00]} 3. Nc3 {[%emt 0:00:07]} d6 {[%emt 0:00:02]} 4. e4 {[%emt 0:01:34]} Nf6 {[%emt 0:00:26]} 5. Be2 {[%emt 0:00:55]} O-O {[%emt 0:00:12]} 6. Be3 {[%emt 0:00:21]} c5 {[%emt 0:00:14]} 7. d5 {[%emt 0:00:16]} e6 {[%emt 0:00:12]} 8. Nf3 {[%emt 0:00:54]} exd5 {[%emt 0:00:11]} 9. exd5 {[%emt 0:00:10]} Bg4 {[%emt 0:11:18]} 10. h3 {[%emt 0:03:38]} Bxf3 {[%emt 0:01:12]} 11. Bxf3 {[%emt 0:00:08]} Nfd7 {[%emt 0:05:44]} 12. Qd2 {[%emt 0:07:17]} Ne5 {[%emt 0:09:34]} 13. Be2 {[%emt 0:00:34]} f5 {[%emt 0:00:35]} 14. f4 {[%emt 0:06:48]} Ned7 {[%emt 0:02:45]} 15. g4 {[%emt 0:07:42]} b5 {[%emt 0:07:23]} 16. cxb5 {[%emt 0:20:15]} Nf6 {[%emt 0:04:13]} 17. gxf5 {[%emt 0:11:15]} gxf5 {[%emt 0:00:45]} 18. Bd3 {[%emt 0:05:52]} Ne4 {[%emt 0:02:02]} 19. Nxe4 {[%emt 0:06:55]} fxe4 {[%emt 0:00:37]} 20. Be2 {[%emt 0:00:22]} a6 {[%emt 0:05:37]} 21. b6 {[%emt 0:07:45]} Qh4+ {[%emt 0:05:25]} 22. Bf2 {[%emt 0:05:29]} Qe7 {[%emt 0:00:17]} 23. Rg1 {[%emt 0:04:37]} Nd7 {[%emt 0:00:49]} 24. O-O-O {[%emt 0:01:01]} Kh8 {[%emt 0:01:15]} 25. Rxg7 {[%emt 0:03:44]} Qxg7 {[%emt 0:00:15]} 26. Qe3 {[%emt 0:06:47]} Qf6 {[%emt 0:12:44]} 27. Be1 {[%emt 0:00:46]} Qxf4 {[%emt 0:00:12]} 28. Bc3+ {[%emt 0:00:06]} Ne5 {[%emt 0:00:32]} 29. Qxf4 {[%emt 0:00:55]} Rxf4 {[%emt 0:00:08]} 30. b7 {[%emt 0:03:46]} Rb8 {[%emt 0:01:37]} 31. Bxa6 {[%emt 0:01:33]} e3 {[%emt 0:04:35]} 32. Re1 {[%emt 0:03:36]} Ra4 {[%emt 0:00:42]} 33. Bb5 {[%emt 0:00:11]} Re4 {[%emt 0:02:39]} 34. Bc6 {[%emt 0:00:07]} Kg8 {[%emt 0:00:31]} 35. Bxe5 {[%emt 0:00:10]} Rxe5 {[%emt 0:00:55]} 36. a4 {[%emt 0:00:43]} Re7 {[%emt 0:01:23]} 37. Kc2 {[%emt 0:01:06]} Kf7 {[%emt 0:01:02]} 38. Kc3 {[%emt 0:00:40]} h5 {[%emt 0:02:05]} 39. b3 {[%emt 0:00:33]} Kg6 {[%emt 0:01:50]} 40. a5 {[%emt 0:00:31]} Rexb7 {[%emt 0:04:15]} 41. Bxb7 {[%emt 0:11:17]} Rxb7 {[%emt 0:10:13]} 42. Rxe3 {[%emt 0:02:32]} Ra7 {[%emt 0:02:22]} 43. b4 {[%emt 0:00:38]} Kg5 {[%emt 0:13:44]} 44. Kc4 {[%emt 0:02:41]} Kf4 {[%emt 0:02:37]} 45. Ra3 {[%emt 0:00:37]} cxb4 {[%emt 0:00:21]} 46. Kxb4 {[%emt 0:00:05]} Ke4 {[%emt 0:00:35]} 47. Kb5 {[%emt 0:00:18]} Kxd5 {[%emt 0:00:19]} 48. Kb6 {[%emt 0:00:09]} Ra8 {[%emt 0:00:32]} 49. a6 {[%emt 0:00:10]} Ke4 {[%emt 0:00:59]} 50. Kb7 {[%emt 0:09:18]} Rg8 {[%emt 0:02:28]} 51. a7 {[%emt 0:00:07]} d5 {[%emt 0:00:19]} 52. a8=Q {[%emt 0:00:53]} Rxa8 {[%emt 0:00:10]} 53. Rxa8 {[%emt 0:00:09]} d4 {[%emt 0:00:50]} 54. Rd8 {[%emt 0:00:18]} d3 {[%emt 0:00:13]} 55. Kc6 {[%emt 0:00:07]} Ke3 {[%emt 0:00:05]} 56. Kd5 {[%emt 0:00:32]} d2 {[%emt 0:00:45]} 57. Ke5 {[%emt 0:00:06]} Ke2 {[%emt 0:00:05]} 58. Kf5 {[%emt 0:00:08]} d1=Q {[%emt 0:00:12]} 59. Rxd1 {[%emt 0:00:06]} Kxd1 {[%emt 0:00:06]} 60. Kg5 {[%emt 0:00:07]} Ke2 {[%emt 0:00:09]} 61. Kxh5 {[%emt 0:15:11]} 1-0

[Event "81st Tata Steel Tienkamp 2019"]
[Site "Wijk aan Zee"]
[Date "2019.01.21"]
[Round "4"]
[White "Rapport, Jovana"]
[Black "Beerdsen, Thomas"]
[Result "1/2-1/2"]
[WhiteElo "2375"]
[BlackElo "2484"]
[Annotator "TA"]
[PlyCount "75"]
[EventDate "2019.01.12"]
[EventType "tourn"]
[EventCountry "NED"]
[SourceTitle "playchess.com"]
[Source "ChessBase"]
[SourceQuality "1"]

{[%evp 12,75,29,33,44,44,43,30,43,42,50,41,42,23,41,31,45,38,33,35,51,44,51,51,51,51,51,51,58,51,56,51,51,51,62,53,59,35,55,29,55,39,40,39,39,39,52,39,72,51,67,33,37,27,27,27,27,27,27,27,27,27,27,0,35,0]} 1. d4 Nf6 2. Nf3 e6 3. Bf4 d5 4. e3 c5 5. Be2 Nc6 6. O-O {D02: 1 d4 d5 2 Nf3 sidelines, including 2...Nf6 3 g3 and 2...Nf6 3 Bf4} Bd6 7. dxc5 {LiveBook: 10 Games} Bxf4 8. exf4 Qa5 9. Nbd2 Qxc5 10. Nb3 Qd6 $146 ({Predecessor:} 10... Qb6 11. c3 O-O 12. Rb1 Bd7 13. Bd3 {½-½ (82) Grischuk,A (2761)-So,W (2812) Paris 2017}) 11. g3 O-O 12. Nbd4 Ne4 13. c3 Bd7 14. Bd3 {[#] Hoping for Bxe4.} Nxd4 15. Nxd4 Nf6 16. Re1 Rfc8 17. Qe2 a6 18. a4 a5 19. h4 h6 20. Kg2 Re8 21. Bc2 Bc6 22. Qe5 Qd8 23. f3 Nd7 24. Qd6 Ra6 {White should prevent ...Bxa4.} 25. Qa3 $1 {Threatens to win with b4.} Nb6 26. b3 Ra8 27. Re3 Rc8 28. Rae1 Nd7 29. Bb1 b6 30. Qb2 Qf6 31. Qc2 Nf8 $1 32. h5 Bd7 33. Qd2 Rc5 34. Bd3 Rec8 35. Ba6 Ra8 36. Bf1 Rac8 37. Ba6 Ra8 38. Bf1 {Accuracy: White = 58%, Black = 65%.} 1/2-1/2

[Event "81st Tata Steel Tienkamp 2019"]
[Site "Wijk aan Zee"]
[Date "2019.01.22"]
[Round "5"]
[White "Beerdsen, Thomas"]
[Black "Warmerdam, Max"]
[Result "1/2-1/2"]
[WhiteElo "2484"]
[BlackElo "2440"]
[Annotator "ChessBase"]
[PlyCount "37"]
[EventDate "2019.01.12"]
[EventType "tourn"]
[EventCountry "NED"]
[SourceTitle "playchess.com"]
[Source "ChessBase"]
[SourceQuality "1"]
[TimeControl "40/6000+30:20/3000+30:900+30"]

1. e4 {[%emt 0:00:00]} c5 {[%emt 0:00:00]} 2. Nf3 {[%emt 0:00:00]} d6 {[%emt 0:00:00]} 3. d4 {[%emt 0:00:14]} cxd4 {[%emt 0:00:00]} 4. Nxd4 {[%emt 0:00:05]} Nf6 {[%emt 0:00:00]} 5. Nc3 {[%emt 0:00:04]} g6 {[%emt 0:00:00]} 6. g3 {[%emt 0:03:13]} Bg7 {[%emt 0:00:12]} 7. Bg2 {[%emt 0:00:05]} O-O {[%emt 0:00:11]} 8. O-O {[%emt 0:01:36]} Nc6 {[%emt 0:00:04]} 9. Nb3 {[%emt 0:12:34]} Bg4 {[%emt 0:02:34]} 10. f3 {[%emt 0:00:42]} Be6 {[%emt 0:01:03]} 11. Qe2 {[%emt 0:06:06]} a5 {[%emt 0:32:55]} 12. Nb5 {[%emt 0:30:24]} a4 {[%emt 0:12:20]} 13. N3d4 {[%emt 0:04:53]} Nxd4 {[%emt 0:01:06]} 14. Nxd4 {[%emt 0:00:06]} Qb6 {[%emt 0:00:05]} 15. c3 {[%emt 0:00:34]} Rfc8 {[%emt 0:02:20]} 16. Rf2 {[%emt 0:03:55]} a3 {[%emt 0:17:51]} 17. Nxe6 {[%emt 0:01:40]} fxe6 {[%emt 0:00:11]} 18. Bh3 {[%emt 0:00:46]} Kf7 {[%emt 0:03:31]} 19. bxa3 {[%emt 0:13:15]} 1/2-1/2